LEADER 03108nam 2200637 450 001 9910465457403321 005 20200903223051.0 010 $a3-03813-237-3 035 $a(CKB)3710000000221814 035 $a(EBL)1869161 035 $a(SSID)ssj0001343416 035 $a(PQKBManifestationID)11824730 035 $a(PQKBTitleCode)TC0001343416 035 $a(PQKBWorkID)11311846 035 $a(PQKB)10181726 035 $a(MiAaPQ)EBC1869161 035 $a(Au-PeEL)EBL1869161 035 $a(CaPaEBR)ebr10906042 035 $a(OCoLC)891395338 035 $a(EXLCZ)993710000000221814 100 $a20090328h20082008 uy| 0 101 0 $aeng 135 $aur|n|---||||| 181 $ctxt 182 $cc 183 $acr 200 10$aCalcium phosphate based bioceramics for bone tissue engineering /$fSergey Barinov and Vladimir Komlev 210 1$aStafa-Zuerich, Switzerland ;$aEnfield, New Hampshire :$cTrans Tech Publications,$d[2008] 210 4$d©2008 215 $a1 online resource (166 p.) 225 1 $aMaterials science foundations,$x1422-3597 ;$vvolume 48 300 $aDescription based upon print version of record. 311 $a0-87849-380-8 320 $aIncludes bibliographical references (pages 143-159). 327 $aBasic concept of bone tissue engineering using ceramic scaffolds / Sergej M. Barinov, Vladimir S. Komlev -- Calcium orthophosphates / Sergej M. Barinov, Vladimir S. Komlev -- Synthesis and sintering of calcium orthophosphate powders / Sergej M. Barinov, Vladimir S. Komlev -- Calcium phosphate based materials / Sergej M. Barinov, Vladimir S. Komlev -- Some aspects of calcium phosphates scaffolds investigation by x-ray microtomography / Sergej M. Barinov, Vladimir S. Komlev. 330 $aTissue engineering is a new biotechnology that combines various aspects of medicine, biology and engineering, in order to produce, repair or replace human tissue. It is therefore easy to grasp the potential of these new therapies in helping to improve the quality-of-life of patients suffering from rare diseases. Typically, bone tissue engineering approaches foresee the use of scaffolding material combined with tissue cells. An advanced scaffolding material for tissue engineering must exhibit high quality, reliability, sustainability and cost-effectiveness throughout the individual's life and p 410 0$aMaterials science foundations ;$vv. 48. 606 $aBone regeneration 606 $aTissue engineering 606 $aBiomedical materials 606 $aCeramics in medicine 608 $aElectronic books. 615 0$aBone regeneration. 615 0$aTissue engineering. 615 0$aBiomedical materials. 615 0$aCeramics in medicine. 676 $a612.028 700 $aBarinov$b S. M$g(Sergei? Mironovich),$01057109 702 $aKomlev$b V. S$g(Vladimir Sergeevich), 801 0$bMiAaPQ 801 1$bMiAaPQ 801 2$bMiAaPQ 906 $aBOOK 912 $a9910465457403321 996 $aCalcium phosphate based bioceramics for bone tissue engineering$92492019 997 $aUNINA LEADER 01146nam a22002411i 4500 001 991001866759707536 005 20040402143723.0 008 040407s1973 it a||||||||||||||||ita 035 $ab12835225-39ule_inst 035 $aARCHE-081484$9ExL 040 $aDip.to Scienze Storiche$bita$cA.t.i. Arché s.c.r.l. Pandora Sicilia s.r.l. 082 04$a304.6094 100 1 $aAmoruso, Onofrio$0472242 245 10$aAlcune considerazioni geografiche sui primi risultati dell'11. censimento generale italiano della popolazione /$cOnofrio Amoruso 260 $aBari :$bCacucci,$c[1973?] 300 $aP. 424-438 :$bill. ;$c25 cm. 500 $aEstr. da: Annali della Facoltà di economia e commercio dell'Università degli studi di Bari, v. 1 (1973). 907 $a.b12835225$b02-04-14$c16-04-04 912 $a991001866759707536 945 $aLE009 GEOG.MISC. 5/51$g1$i2009000254077$lle009$o-$pE0.00$q-$rn$so $t0$u0$v0$w0$x0$y.i13387832$z16-04-04 996 $aAlcune considerazioni geografiche sui primi risultati dell'11. censimento generale italiano della popolazione$9296719 997 $aUNISALENTO 998 $ale009$b16-04-04$cm$da $e-$fita$git $h0$i1